PIB par pays en millions de dollars - Statistiques

Statistiques générales
  • Ce quiz a été pris 69 fois
  • Le résultat moyen est 13 sur 21
Statistiques - réponses
Rang PIB par année Réponses % Correct
1 25 270 Chine
95%
2 20 494 USA
95%
10 2 962 France
90%
- 22 023 Union Européenne
84%
4 5 450 Japon
83%
7 4 213 Russie
79%
3 10 505 Inde
78%
17 1 836 Canada
73%
6 4 356 Allemagne
70%
12 2 397 Italie
70%
15 1 864 Espagne
67%
9 3 037 Royaume-Uni
67%
5 4 830 Brésil
60%
11 2 569 Mexique
54%
14 2 136 Corée du Sud
52%
20 1 318 Australie
49%
13 2 292 Turquie
37%
8 3 494 Indonésie
35%
16 1 857 Arabie Saoudite
27%
18 1 610 Iran
21%
19 1 320 Thaïlande
8%
Aucun quiz correspondant
Distribution des résultats
% des personnes avec chaque résultat
Percentile par nombre de réponses
Votre historique - résultats
Vous n’avez pas pris ce quiz